José Antonio de Saravia (Record no. 186921)

MARC details
000 -LEADER
campo de control de longitud fija 00738nam a2200193 i 4500
001 - NÚMERO DE CONTROL
campo de control 186921
003 - IDENTIFICADOR DE NÚMERO DE CONTROL
campo de control ES-MaACL
005 - FECHA Y HORA DE LA ÚLTIMA TRANSACCIÓN
campo de control 20250808022556.0
008 - DATOS DE LONGITUD FIJA--INFORMACIÓN GENERAL
campo de control de longitud fija 170301s1936 sp |||| | spa d
100 1# - ENTRADA PRINCIPAL--NOMBRE DE PERSONA
Nombre de persona Hidalgo, Diego,
Fechas asociadas al nombre 1886-1961
9 (RLIN) 63566
245 10 - MENCIÓN DEL TÍTULO
Título José Antonio de Saravia
Resto del título : de estudiante extremeño a general de los ejércitos del zar /
Mención de responsabilidad, etc. por Diego Hidalgo.
260 ## - PUBLICACIÓN, DISTRIBUCIÓN, ETC.
Lugar de publicación, distribución, etc. Madrid :
Nombre del editor, distribuidor, etc. Espasa-Calpe,
Fecha de publicación, distribución, etc. 1936.
300 ## - DESCRIPCIÓN FÍSICA
Extensión 288 p., [6] p. de lám. ;
Dimensiones 18 cm.
490 1# - MENCIÓN DE SERIE
Mención de serie Vidas españolas e hispanoamericanas del siglo XIX ;
Designación de volumen o secuencia 52
600 14 - PUNTO DE ACCESO ADICIONAL DE MATERIA--NOMBRE DE PERSONA
Nombre de persona Saravia, José Antonio de.
9 (RLIN) 161928
830 00 - PUNTO DE ACCESO ADICIONAL DE SERIE-TÍTULO UNIFORME
Título uniforme Vidas españolas e hispanoamericanas del siglo XIX
Designación de volumen o secuencia 52
9 (RLIN) 192640
852 ## - LOCALIZACIÓN
Ubicación ES-MaACL
Número de control de estantería C-23258
Holdings
Estatus retirado Estado de pérdida Estado de daño No para préstamo Biblioteca de origen Biblioteca actual Ubicación en estantería Fecha de adquisición Fuente de adquisición Total de préstamos Signatura topográfica completa Código de barras Visto por última vez Precio de reemplazo Tipo de ítem Koha
        Biblioteca del Ateneo de Madrid Biblioteca del Ateneo de Madrid Depósito 2 01/03/2017     C-23258 1197161 23/02/2023 23/02/2023 Libro impreso